000 00973nam a2200277 a 4500
001 000027734
003 DO-SdBNP
005 20250307122217.0
008 110404s1983 dr 000 0 spa d
040 _aDO-SdBNP
_bspa
_cBNPHU
082 _a343.729307
_bR426L, 1982
110 1 _aPiantini, Ramón A.
_954813
240 1 0 _a[Leyes, etc.]
245 1 0 _aLegislación económica 1982 /
_cRamón A. Piantini.
260 _aSanto Domingo :
_bCEMYB,
_c1983.
300 _a70 p. ;
_c21 cm.
490 1 _aLegal
590 _aInventariado, 2019/MFF
651 4 _aRepública Dominicana
_xPolítica Económica
_xLegislación
_919022
651 4 _aRepública Dominicana
_xCondiciones Económicas
_9281
651 4 _aLeyes
_zRepública Dominicana
_954814
710 _aCentro de Estudios Monetarios y Bancarios (República Dominicana)
_96296
_bCentro de Estudios Monetarios y Bancarios
830 0 _aLegal
_96909
910 _aValidado. Control de calidad EMS
942 _2ddc
_cLBS1
999 _c27226
_d27226